[Event "GER-chB Seniors 27th"]
[Site "Magdeburg"]
[Date "2015.08.17"]
[Round "3"]
[White "Reeh, Axel"]
[Black "Dobbert, Bernd"]
[Result "1/2-1/2"]
[WhiteElo "1760"]
[BlackElo "1318"]
[PlyCount "127"]
[EventDate "2015.08.15"]
[EventType "swiss"]
[EventRounds "9"]
[EventCountry "GER"]
[SourceTitle "EXT 2018"]
[Source "ChessBase"]
[SourceDate "2017.10.13"]
[SourceVersion "1"]
[SourceVersionDate "2017.10.13"]
[SourceQuality "1"]

1. d4 d5 2. Nf3 Nf6 3. c4 dxc4 4. Qa4+ Nc6 5. Qxc4 Qd5 6. Nbd2 Be6 7. Qxd5 Bxd5 8. a3 g6 9. e3 a6 10. Bd3 Bxf3 11. Nxf3 e6 12. Bd2 Bg7 13. Rc1 0-0 14. h3 Rac8 15. g4 h6 16. Ke2 Rfe8 17. Rc2 e5 18. dxe5 Nxe5 19. Nxe5 Rxe5 20. f4 Ree8 21. f5 Ne4 22. Be1 c6 23. fxg6 fxg6 24. Bc4+ Kh7 25. Rf1 Rf8 26. Bd3 Rxf1 27. Kxf1 Rf8+ 28. Kg2 Re8 29. b4 Nf6 30. Kf2 Nd5 31. Bd2 Bf6 32. e4 Bd4+ 33. Kg3 Nf6 34. Kf3 Rf8 35. Ke2 Re8 36. Rc4 Bb2 37. a4 Re6 38. Be3 b5 39. axb5 axb5 40. Rc2 Ba3 41. Bc5 Nxe4 42. Bxe4 Rxe4+ 43. Kf3 Rc4 44. Re2 Bxb4 45. Re7+ Kg8 46. Re8+ Kf7 47. Rf8+ Kg7 48. Bxb4 Rxb4 49. Rc8 Rc4 50. Ke3 Rc3+ 51. Kd4 Rxh3 52. Rxc6 Rh4 53. Ke5 Rxg4 54. Rc7+ Kf8 55. Ke6 Re4+ 56. Kf6 h5 57. Kxg6 h4 58. Rc3 Ke7 59. Kf5 Rc4 60. Rb3 b4 61. Ke5 Kd7 62. Kd5 Rg4 63. Rh3 b3 64. Rxb3 1/2-1/2